000 01612nam a2200289 a 4500
001 BRCA_724
005 20190320203125.0
008 spam19791998mx-a---###---#000-0#spa-#
020 _a9682312914 (Obra completa)
050 4 _aHC51
_b.W28 1979
100 1 _aWallerstein, Immanuel Maurice
_d1930-
_92384
245 1 0 _aEl moderno sistema mundial
_cImmanuel Wallerstein ; traducción de Antonio Resines, Pilar López Máñez y Jesús Albores.
260 _aMéxico
_bSiglo XXI
_c1979
300 _a3 v.
_bil.
_c21 cm.
440 0 _aHistoria
_92385
500 _aIncluye índice analítico
500 _aTraducción de: v.1. The Modern World-System. Capitalist Agriculture and the Originis of the European World-Economy in the Sixteennth Century. -- v.2. The Moderm World-System. II. Mercantilism and the Consolidation of European-Economy, 1600-1750. -- v.3. The Modern World-System III : The Second era of Great Expansion of the Capitalist World-Economy, 1730-1840
504 _aIncluye referencias bibliográficas
505 0 _aContenido: v.1. La agricultura capitalista y los orígenes de la economía-mundo europea en el siglo VXI. -- v.2. El mercantilismo y la consolidación de la economía-mundo europea 1600-1750. -- v.3. La segunda era de gran expansión de la economía-mundo capitalista, 1730-1850
650 1 4 _aSistemas mercantiles
_xHistoria
_92386
650 1 4 _aHistoria económica
_y1600-1750
_92387
651 4 _aEuropa
_xCondiciones económicas
_ySiglo XVI
_92388
700 1 _aResines, Antonio
_92389
700 1 _aLópez Máñez, Pilar
_92390
700 1 _aAlbores, Jesús
_92391
942 _2lcc
_cB
999 _c625
_d625